000 00464nam a22001697a 4500
005 20260413103643.0
008 260413b |||||||| |||| 00| 0 eng d
020 _a9781864709018
040 _cPK-LaNCA
082 _a747.883
_bBRU
100 _aBrunn, Dan
245 _aArtists homes: designing spaces for living a creative life
260 _aImages Publishing Group
_bMelbourne
_c2021
300 _a255p.; ills
650 _aArt and architecture
942 _cBK
999 _c67204
_d67204